000 00380nam a2200133Ia 4500
008 230917s9999||||xx |||||||||||||| ||und||
040 _e158099
_aMAIN
041 _aEnglish
082 _a583.64 S22D
100 _aSudesh
245 0 _aDevelopment of transgenics in Indian oilseed mustard (Brassica juncea Czern.) resistant to fungal pathogens
300 _a101 p.
942 _cTH
999 _c125038
_d125038